000 00438nam a2200169 a 4500
001 0000-8681
003 ELIB.Books
008 110520 1978
035 _a(ELIB.Books)0000-8827
082 _a225
_bWin
100 _aWinter, Ralph D.
245 _aThe World Study New Testament
260 _bIllinois: Tyndale House Publishers
_c1978
650 _aNew Testament
942 _2ddc
_cBK
998 _cbat
_e2011-05-20
999 _c8681
_d8681